00678nam a2200229Ia 4500003000900000005001700009008004100026040003300067041000800100080001300108100001800121245005100139260004200190300002400232650001400256650002100270650001200291650002400303942000700327952009700334999001700431LK-CoDNM20240828102553.0010623t1939 xxu||||| |||| 00| 1 eng d aLK-CoDNMdLK-CoDNMeLK-CoDNM aeng a22 bR10 aHartog,Philip aSome Aspects of Indian Education Past Present bOxford University PressaLondonc1939 bXIV, 109P. : 24 cm aEducation aMuslim Education aPrimary aSecondary Education cBK 001041708OBCaMAINbMAINcREFd2024-08-28l0o22 R10pOB6654r2024-08-28w2024-08-28yBK c99262d99262